Transforming organizations : (Record no. 139765)
[ view plain ]
| 000 -LEADER | |
|---|---|
| fixed length control field | 00565nam a22001697a 4500 |
| 005 - DATE AND TIME OF LATEST TRANSACTION | |
| control field | 20260216120224.0 |
| 008 - FIXED-LENGTH DATA ELEMENTS--GENERAL INFORMATION | |
| fixed length control field | 260216b |||||||| |||| 00| 0 eng d |
| 020 ## - INTERNATIONAL STANDARD BOOK NUMBER | |
| International Standard Book Number | 9781472949325 (pbk) |
| 040 ## - CATALOGING SOURCE | |
| Transcribing agency | PK-LaUMT |
| 082 ## - DEWEY DECIMAL CLASSIFICATION NUMBER | |
| Classification number | 658.406 |
| Item number | AND-T |
| 100 ## - MAIN ENTRY--PERSONAL NAME | |
| Personal name | Anderson, Michael |
| 245 ## - TITLE STATEMENT | |
| Title | Transforming organizations : |
| Remainder of title | engaging the 4Cs for powerful organizational learning and change / |
| Statement of responsibility, etc | by Michael Anderson and Miranda Jefferson |
| 260 ## - PUBLICATION, DISTRIBUTION, ETC. (IMPRINT) | |
| Place of publication, distribution, etc | London : |
| Name of publisher, distributor, etc | Bloomsbury Business, |
| Date of publication, distribution, etc | 2019 |
| 300 ## - PHYSICAL DESCRIPTION | |
| Extent | 257 p. |
| 650 ## - SUBJECT ADDED ENTRY--TOPICAL TERM | |
| Topical term or geographic name as entry element | Organizational change |
| 942 ## - ADDED ENTRY ELEMENTS (KOHA) | |
| Koha item type | Books |
| Withdrawn status | Lost status | Damaged status | Home library | Current library | Date acquired | Full call number | Barcode | Date last seen | Price effective from | Koha item type |
|---|---|---|---|---|---|---|---|---|---|---|
| UMT Main Campus | UMT Main Campus | 2026-02-16 | 658.406 AND-T | 151658 | 2026-02-16 | 2026-02-16 | Books |
